Introduction to operations and supply chain management./ (Record no. 7346)

MARC details
000 -LEADER
fixed length control field 00704nam a22002177a 4500
003 - CONTROL NUMBER IDENTIFIER
control field OSt
005 - DATE AND TIME OF LATEST TRANSACTION
control field 20260113082507.0
008 - FIXED-LENGTH DATA ELEMENTS--GENERAL INFORMATION
fixed length control field 260113b |||||||| |||| 00| 0 eng d
020 ## - INTERNATIONAL STANDARD BOOK NUMBER
International Standard Book Number 978-1-292-29158-1
040 ## - CATALOGING SOURCE
Original cataloging agency DWC-Main lib
Transcribing agency OC
082 ## - DEWEY DECIMAL CLASSIFICATION NUMBER
Classification number Circ. 658.5 B662i 2019
100 ## - MAIN ENTRY--PERSONAL NAME
Personal name Bozarth, Cecil C.
245 ## - TITLE STATEMENT
Title Introduction to operations and supply chain management./
Statement of responsibility, etc. Cecil C. Bozarth
260 ## - PUBLICATION, DISTRIBUTION, ETC.
Place of publication, distribution, etc. United kingdom :
Name of publisher, distributor, etc. Pearson education ,
Date of publication, distribution, etc. 2019.
300 ## - PHYSICAL DESCRIPTION
Extent 514 pages :
Other physical details color illustrations;
Dimensions 27cm.
504 ## - BIBLIOGRAPHY, ETC. NOTE
Bibliography, etc. note Includes glossary and index.
650 ## - SUBJECT ADDED ENTRY--TOPICAL TERM
Topical term or geographic name entry element 1. Business Logistics
650 ## - SUBJECT ADDED ENTRY--TOPICAL TERM
Topical term or geographic name entry element 2. Management
650 ## - SUBJECT ADDED ENTRY--TOPICAL TERM
Topical term or geographic name entry element 3. Production management
942 ## - ADDED ENTRY ELEMENTS (KOHA)
Source of classification or shelving scheme Dewey Decimal Classification
Koha item type Book Circulation
Call number prefix Circ.
Suppress in OPAC No
952 ## - LOCATION AND ITEM INFORMATION (KOHA)
--
952 ## - LOCATION AND ITEM INFORMATION (KOHA)
--
Holdings
Withdrawn status Lost status Source of classification or shelving scheme Damaged status Not for loan Home library Current library Shelving location Date acquired Source of acquisition Total Checkouts Full call number Barcode Date last seen Copy number Price effective from Koha item type Uniform Resource Identifier
    Dewey Decimal Classification     College Library College Library Circulation 10/07/2020 School Fund   Circ. 658.5 B662i 2019 CL52604 01/13/2026 c1 01/13/2026 BK-CIRC
    Dewey Decimal Classification     College Library College Library Circulation 10/07/2020 School Fund   Circ. 658.5 B662i 2019 CL52716 01/13/2026 c2 01/13/2026 BK-CIRC